Feminismo frente al neoliberalismo (Record no. 186218)

MARC details
000 -LEADER
campo de control de longitud fija 01255nam a2200277 i 4500
001 - NÚMERO DE CONTROL
campo de control 186218
003 - IDENTIFICADOR DE NÚMERO DE CONTROL
campo de control ES-MaACL
005 - FECHA Y HORA DE LA ÚLTIMA TRANSACCIÓN
campo de control 20250901051548.0
008 - DATOS DE LONGITUD FIJA--INFORMACIÓN GENERAL
campo de control de longitud fija 160920q2014 sp |||| | spa d
080 ## - NÚMERO DE LA CLASIFICACIÓN DECIMAL UNIVERSAL
Número de la Clasificación Decimal Universal 141.72:34
111 2# - ENTRADA PRINCIPAL--NOMBRE DE CONGRESO/REUNIÓN
Nombre de congreso/reunión o jurisdicción como elemento de entrada Taller de Política Feminista
Número del congreso/reunión o número de parte o sección (23º.
Fecha del congreso o de la firma del tratado 2013.
Sede del congreso/Lugar de la reunión León)
9 (RLIN) 160943
245 10 - MENCIÓN DEL TÍTULO
Título Feminismo frente al neoliberalismo
Resto del título : estrategias y alianzas /
Mención de responsabilidad, etc. XXIII Taller de Política Feminista.
260 ## - PUBLICACIÓN, DISTRIBUCIÓN, ETC.
Lugar de publicación, distribución, etc. Madrid :
Nombre del editor, distribuidor, etc. Fórum de Política Feminista,
Fecha de publicación, distribución, etc. [ca. 2014]
300 ## - DESCRIPCIÓN FÍSICA
Extensión 143 p. ;
Dimensiones 22 cm.
504 ## - NOTA DE BIBLIOGRAFÍA, ETC.
Nota de bibliografía, etc. Referencias bibliográficas.
505 8# - NOTA DE CONTENIDO CON FORMATO
Nota de contenido con formato Contiene: ;
Título Pacto feminista por las mujeres, dic. 2013 /
Mención de responsabilidad Plataforma Feminista del Ateneo de Madrid...
650 #4 - PUNTO DE ACCESO ADICIONAL DE MATERIA--TÉRMINO DE MATERIA
Término de materia o nombre geográfico como elemento de entrada Crisis económicas-
Subdivisión cronológica 2008-
Subdivisión geográfica España-
Subdivisión de forma Congresos y asambleas.
9 (RLIN) 160940
650 #4 - PUNTO DE ACCESO ADICIONAL DE MATERIA--TÉRMINO DE MATERIA
Término de materia o nombre geográfico como elemento de entrada Mujeres-
Subdivisión general Política gubernamental-
Subdivisión geográfica España-
Subdivisión de forma Congresos y asambleas.
9 (RLIN) 160941
651 #4 - PUNTO DE ACCESO ADICIONAL DE MATERIA--NOMBRE GEOGRÁFICO
Nombre geográfico España-
Subdivisión general Política social-
Subdivisión cronológica 2004-2011-
Subdivisión de forma Congresos y asambleas.
9 (RLIN) 160942
710 2# - ENTRADA AGREGADA--NOMBRE DE ENTIDAD CORPORATIVA
Nombre de entidad corporativa o nombre de jurisdicción como elemento de entrada Fórum de Política Feminista
9 (RLIN) 4150
852 ## - LOCALIZACIÓN
Ubicación ES-MaACL
Número de control de estantería A-13801
itemnumber 193273
Sublocalización o colección R.150856
Ubicación en estantería Depósito 1
Signatura antigua Olim: N-6801
Donativo/Legado Donacion: Begoña San José
903 ## - NOMBRE PERSONAL DE DONANTE
9 102240
a San José, Begoña
e Donante
942 ## - ELEMENTOS DE ENTRADA SECUNDARIOS (KOHA)
Fuente del sistema de clasificación o colocación Clasificación decimal universal
Tipo de ítem Koha Libro impreso
Holdings
Estatus retirado Estado de pérdida Fuente del sistema de clasificación o colocación Estado de daño No para préstamo Biblioteca de origen Biblioteca actual Ubicación en estantería Fecha de adquisición Fuente de adquisición Total de préstamos Signatura topográfica completa Código de barras Visto por última vez Precio de reemplazo Tipo de ítem Koha
    Clasificación decimal universal     Biblioteca del Ateneo de Madrid Biblioteca del Ateneo de Madrid Depósito 1 20/09/2016 Donación   A-13801 1196332 23/02/2023 23/02/2023 Libro impreso